000 00756nam a2200181Ia 4500
008 100917s9999 xx 000 0 und d
082 _b27302
100 _aपंडित नलिनी
245 _aस्वातंत्र्योत्तर काळातील दलितांचा प्रश्न
260 _bसाधना प्रकाशन
_c1972
300 _a121
365 _b9
520 _aनिबंध
630 _aस्वातंत्र्योत्तर काळातील दलितांचा प्रश्न
650 _aनिबंध
730 _aस्वातंत्र्योत्तर काळातील दलितांचा प्रश्न
942 _cBOOK
999 _c632696
_d632693